Statistics for U.S. Presidents Without Vowels #2

Click here to take the quiz!

General Stats

  • This quiz has been taken 43 times
  • The average score is 13 of 15

Answer Stats

Without VowelsWith Vowels% Correct
Bnjmn HrrsnBenjamin Harrison
98%
Bll ClntnBill Clinton
98%
Dnld TrmpDonald Trump
98%
Jmmy CrtrJimmy Carter
98%
Jms GrfldJames A. Garfield
95%
Lyndn B JhnsnLyndon B. Johnson
95%
Ndrw JhnsnAndrew Johnson
93%
Hrry S TrmnHarry S. Truman
91%
Jms MnrJames Monroe
91%
Wllm Hwrd TftWilliam Howard Taft
86%
Clvn CldgCalvin Coolidge
79%
Frnkln PrcFranklin Pierce
77%
Jms K PlkJames K. Polk
77%
Jhn DmsJohn Adams
74%
Mrtn Vn BrnMartin Van Buren
74%

Score Distribution

Percentile by Number Answered

Percent of People with Each Score

Your Score History

You have not taken this quiz